01125cam a2200289 a 4500001000400000003001000004005001700014008004100031020001800072040002500090080001800115090002700133100003100160245015800191250003000349260003800379300002000417504002500437650001800462650002500480650002900505650003000534942001200564952012300576952012300699999001300822468BR-CuiBMT20231114190436.0231107s2017 mgb 000 0 por d a9788545002512 aBR-CuiBMTcBR-CuiBMT 22007a347.615 a347.615bB482ac2. ed.10aBeraldo, Leonardo de Faria00aAlimentos no código civil :baspectos atuais e controvertidos com enfoque na jurisprudência /cLeonardo de Faria Beraldo ; Rolf Madaleno, prefácio. a2. ed., rev. atual e aum. aBelo Horizonte :bFórum,c2017. a321 p. ;c22 cm aInclui bibliografia. aDireito civil aDireito de família aDireito processual civil aAlimentos vDireito civil 2udccLV 00102udc4070aBIBTCEMTbBIBTCEMTd2019-07-31l0o347.615 B482apBIBTCEMT23110225r2023-11-07tEx. 1w2023-11-07yLV 00102udc4070aBIBTCEMTbBIBTCEMTd2023-11-07l0o347.615 B482apBIBTCEMT23110226r2023-11-07tEx. 2w2023-11-07yLV c468d468